Familia y diferenciación social: cuestiones de método

שמור ב:
מידע ביבליוגרפי
מחבר ראשי: Torrado, Susana (Author)
פורמט: ספר
שפה:ספרדית
יצא לאור: Buenos Aires Eudeba 1998
סדרה:Colección Manuales
נושאים:
תגים: הוספת תג
אין תגיות, היה/י הראשונ/ה לתייג את הרשומה!

MARC

LEADER 00000nam a2200000 a 4500
001 UCP6560
003 CL-VaPUC
008 991029e19980000AG |||||||||||||||||spa|d
082 0 4 |a 306.85  |b TOR  |2 21 
100 0 |a Torrado, Susana  |e author  |9 435697 
245 1 0 |a Familia y diferenciación social: cuestiones de método 
300 |a 263 p 
942 |c BK 
945 |d 19991029 00:00:00  |a vberengu 
260 |a Buenos Aires  |b Eudeba  |c 1998 
650 0 |a Desigualdad social  |9 349409 
650 7 |a DIFERENCIACION CULTURAL  |2 CL-VaPUC  |9 435698 
650 0 |a Clases sociales  |9 256858 
650 0 |a Estratificación social  |9 337692 
650 0 |a Familias   |9 255641 
651 0 |a Argentina  |9 254888 
583 |a last modification  |c 19991029 00:00:00  |k Rodrigo Vera 
490 0 |a Colección Manuales 
999 |c 284069  |d 284067 
952 |0 0  |1 0  |4 0  |6 306_850000000000000_TOR_1998  |7 0  |8 A  |9 327806  |a BIBTEO  |b BIBTEO  |d 2019-11-20  |i 3570665  |o 306.85 TOR 1998  |p 3570665  |r 2025-01-17  |w 2019-11-20  |y BK  |k ICR